000
00286nam a2200121Ia 4500
008
190216s9999||||xx |||||||||||||| ||und||
100
_a
Radhakrishnan C
245
0
_a
Thamaso Maa
260
_b
"Hi Tech Books , Kochi"
_c
1999
300
_a
398p
650
_a
Malayalam Novel
942
_c
BK
999
_c
27895
_d
27895